Sustainable agriculture : (Registro nro. 2017)

Detalles MARC
000 -CABECERA
Campo de control 00967cam a2200217 a 4500
005 - FECHA Y HORA DE LA ULTIMA TRANSACCION
Campo de control 20171103154234.0
008 - ELEMENTOS DE LONGITUD FIJA—INFORMACION GENERAL
Campo de control 970117s1997 dcu b 000 0 eng d
040 ## - FUENTE DE CATALOGACIÓN
Agencia catalogadora original SOE
Agencia transcriptora SOE
Agencia Modificadora AGL
-- GPO
-- SEN
-- LNL
-- UIU
-- PLL
-- CO-BoIAVH
041 0# - IDIOMA
Código de idioma para texto/pista de sonido o título separado Inglés
044 ## - PAÍS DE PUBLICACIÓN
País de publicación Estados Unidos
082 04 - NUMERO DE CLASIFICACION DECIMAL DEWEY
Número de clasificación 333.76152
Número del ítem S96a
245 00 - MENCION DE TITULO
Título Sustainable agriculture :
Parte restante del título Task Force report /
Mención de responsabilidad The President's Council on Sustainable Development.
260 ## - PUBLICACION, DISTRIBUCION, ETC. (PIE DE IMPRENTA)
Lugar de publicación, distribución, etc. Washington, D.C. (EE.UU.) :
Nombre del editor, distribuidor, etc. President's Council on Sustainable Development,
Fecha de publicación, distribución, etc. [1997].
300 ## - DESCRIPCION FISICA
Extensión i, 19 páginas ;
Dimensiones 28 x 22 cm.
504 ## - NOTA DE BIBLIOGRAFIA, ETC.
Nota de bibliografía Incluye referencias bibliográficas: página 17.
650 26 - ASIENTO SECUNDARIO DE MATERIA - TERMINO TEMATICO
Término temático o nombre geográfico como elemento de entrada Agricultura sostenible
Subdivisión general Política agrícola
Subdivisión geográfica Estados Unidos
9 (RLIN) 86669
650 26 - ASIENTO SECUNDARIO DE MATERIA - TERMINO TEMATICO
Término temático o nombre geográfico como elemento de entrada Agricultura alternativa
Subdivisión general Política agrícola
Subdivisión geográfica Estados Unidos
9 (RLIN) 86670
650 26 - ASIENTO SECUNDARIO DE MATERIA - TERMINO TEMATICO
Término temático o nombre geográfico como elemento de entrada Utilización de la tierra
Subdivisión general Comunidades rurales
Subdivisión geográfica Estados Unidos
Subdivisión general Planeación
9 (RLIN) 86671
710 2# - ASIENTO SECUNDARIO - NOMBRE CORPORATIVO
Nombre corporativo o de jurisdicción como elemento de entrada President's Council on Sustainable Development
9 (RLIN) 86672
942 ## - ELEMENTOS ADICIONALES (KOHA)
Sistema de clasificación Dewey Decimal Classification
Tipo de ítem Folleto
Existencias
Withdrawn status Lost status Sistema de Clasificación Damaged status No para préstamo Colección Inventariado Ubicación Permanente Ubicación actual Fecha de adquisición Fuente de Valor Total Checkouts Número topográfico Inventario / Código de Barras Date last seen Ejemplar Price effective from Forma de adquisición Tipo de material
    Dewey Decimal Classification     General   Bogotá Bogotá 07/11/2017     LB-333.76152 S96a 002501 07/11/2017 Ej. 2 07/11/2017 Donación Folleto
    Dewey Decimal Classification     General Inventariado 2017 Sala Fabio Quevedo Sala Fabio Quevedo 04/05/2001 Samper, Cristián   LB-333.76152 S96a 002502 04/12/2012 Ej. 1 04/12/2012 Donación Folleto